| 000 | 00492nam a2200169Ia 4500 | ||
|---|---|---|---|
| 999 |
_c30049 _d30049 |
||
| 003 | OSt | ||
| 005 | 20210107131948.0 | ||
| 008 | 190216s9999||||xx |||||||||||||| ||und|| | ||
| 040 | _coclc | ||
| 082 |
_a894.812 _bCHA/E |
||
| 100 |
_aChandrasekharan, Melath _96881 |
||
| 245 | 0 |
_aEdasserikkavitha / _cMelath Chandrasekharan |
|
| 260 |
_bSamayam Publications, _c2012. _aKannur: |
||
| 300 | _a256p | ||
| 650 | _aPadanam | ||
| 942 |
_cBK _2ddc _h894.812 _iCHA/E _k894.812 _mCHA/E |
||